Calculus. (7th ed.) (Record no. 77990)

MARC details
000 -LEADER
fixed length control field 00898nam a2200193 a 4500
008 - FIXED-LENGTH DATA ELEMENTS--GENERAL INFORMATION
fixed length control field 130326s2012 ||||||||||||||||| || u
020 ## - INTERNATIONAL STANDARD BOOK NUMBER
International Standard Book Number 9780538498845
050 ## - LIBRARY OF CONGRESS CALL NUMBER
Classification number QA 303 Ste
100 ## - MAIN ENTRY--PERSONAL NAME
Personal name Stewart, James
245 10 - TITLE STATEMENT
Title Calculus. (7th ed.)
Statement of responsibility, etc. by James Stewart
250 ## - EDITION STATEMENT
Edition statement 7th ed.
260 ## - PUBLICATION, DISTRIBUTION, ETC.
Place of publication, distribution, etc. Australia
Name of publisher, distributor, etc. Brookes/Cole
Date of publication, distribution, etc. 2012
300 ## - PHYSICAL DESCRIPTION
Extent xxviii, various pagings.:ill.
650 #0 - SUBJECT ADDED ENTRY--TOPICAL TERM
Topical term or geographic name entry element CALCULUS
650 ## - SUBJECT ADDED ENTRY--TOPICAL TERM
Topical term or geographic name entry element CALCULUS--TEXTBOOKS
995 ## -
-- MAIN LIBRARY OPEN ACCESS
-- 743425
-- CBU-MAIN LIBRARY (Kitwe)
-- QA 303 Ste
-- 1
-- AVAILABLE
-- Apr 22, 2013
-- 743425
-- Main Library Open Access Collection
995 ## -
-- MAIN LIBRARY OPEN ACCESS
-- 743427
-- CBU-MAIN LIBRARY (Kitwe)
-- QA 303 Ste
-- 3
-- AVAILABLE
-- Apr 22, 2013
-- 743427
-- Main Library Open Access Collection
995 ## -
-- BINDERY (DAMAGED)
-- 743426
-- CBU-MAIN LIBRARY (Kitwe)
-- QA 303 Ste
-- 2
-- DAMAGED
-- Apr 22, 2013
-- 743426
-- Main Library Open Access Collection
999 ## -
-- 77990
-- 77990
Holdings
Withdrawn status Lost status Source of classification or shelving scheme Damaged status Not for loan Permanent Location Current Location Shelving location Date acquired Total Checkouts Full call number Barcode Date last seen Copy number Price effective from Koha item type
          CBU-MAIN LIBRARY, KITWE. CBU-MAIN LIBRARY, KITWE.   05/03/2023   QA 303 Ste 743425 05/03/2023 1 05/03/2023 MONOGRAPH
          CBU-MAIN LIBRARY, KITWE. CBU-MAIN LIBRARY, KITWE.   05/03/2023   QA 303 Ste 743427 05/03/2023 2 05/03/2023 MONOGRAPH
          CBU-MAIN LIBRARY, KITWE. CBU-MAIN LIBRARY, KITWE.   05/03/2023   QA 303 Ste 743426 05/03/2023 3 05/03/2023 MONOGRAPH